El imperio romano: desde los etruscos a la caída del imperio romano

Đã lưu trong:
Chi tiết về thư mục
Tác giả chính: Stierlin, Henri (Tác giả)
Định dạng: Sách
Ngôn ngữ:Tiếng Tây Ban Nha
Được phát hành: Colonia Taschen 2002
Những chủ đề:
Các nhãn: Thêm thẻ
Không có thẻ, Là người đầu tiên thẻ bản ghi này!

MARC

LEADER 00000nam a2200000 a 4500
001 UCK5569
003 CL-VaPUC
008 050805e20020000GW |||||||||||||||||spa|d
020 |a 3822817791 
082 0 4 |a 722.7  |b STI  |2 21 
100 0 |a Stierlin, Henri  |e author  |9 494392 
245 1 3 |a El imperio romano: desde los etruscos a la caída del imperio romano 
300 |a 240 p 
942 |c BK 
945 |d 20050805 00:00:00  |a jcarroza 
260 |a Colonia  |b Taschen  |c 2002 
650 0 |a Arquitectura romana  |9 314422 
650 0 |a Imperio Romano  |9 322785 
650 0 |a Arquitectura antigua  |9 262616 
651 0 |a Roma   |9 255106 
583 |a last modification  |c 20050805 00:00:00  |k Rodrigo Vera 
999 |c 314072  |d 314070 
952 |0 0  |1 0  |4 0  |6 722_700000000000000_STI_2002  |7 0  |8 A  |9 385958  |a BIBHIS  |b BIBHIS  |d 2019-11-22  |i 4148924  |o 722.7 STI 2002  |p 4148924  |r 2025-01-20  |w 2019-11-22  |y BK  |k HIS